00309nam a2200145Ia 45000030006000000080041000060400015000471000019000622450022000812500006001032600017001093000006001265460014001320050017001460STCL150530s9999 xx 000 0 und d aSTCLcSTCL aEswara Pilla,R aChintha Santhanam a7 bAuthorc1928 a0 aMalayalam20220125171744.0